01758nam a2200433 i 450000100060000000300080000600500170001400600190003100700150005000800410006502000280010602000180013404000310015205000220018308000070020508200160021210000320022824501910026026400390045130000410049033600260053133700260055733800360058350400420061958801310066159001640079265000440095665000270100065000270102765000420105465000320109665000190112865500270114770000300117479700190120403500220122385600620124599900170130798726FlNmELB20241217172800.0m o u cr cn|||||||||190301s2017 ck ob 000 0 spa d a9789587820744q(e-book) z9789587820737 aFINmELBbspaerdacFINmELB14aJF1355bP349 2017 a3504a352.3572231 aPeña Guarín, Guillermo.10aEfectos del sistema de gestión de la calidad en las entidades del sector público :bincidencia en la prestación del servicio /cGuillermo Peña Guarín y Álvaro Perdomo Burgos. 1aBogotá :bEdiciones USTA,c2017. a1 recurso en línea (175 páginas) atextbtxt2rdacontent acomputerbc2rdamedia aonline resourcebcr2rdacarrier aIncluye referencias bibliográficas. aDescripción basada en recurso en línea; título de la página del título en PDF (elibro, visto el 1 de Marzo de 2019). aRecurso electrónico. Santa Fe, Arg.: e-libro, 2019. Disponible vía World Wide Web. El acceso puede estar limitado para las bibliotecas afiliadas a e-libro. 0aPublic administrationxQuality control. 0aPublic administration. 0aTotal quality control. 4aSector públicoxControl de calidad. 4aAdministración pública. 4aCalidad total. 4aLibros electrónicos.1 aPerdomo Burgos, Álvaro.2 ae-libro, Corp. a(OCoLC)110586711940uhttps://elibro.net/ereader/politecnicointernacional/70701 c98726d98726